000
00188nam a22000977a 4500
003
SGT
245
_a
ANTIMICROBIAL AGENTS & CHEMOTHERAPY
260
_c
2009
300
_a
848
942
_2
ddc
_c
BV
999
_c
18889
_d
18889